「セカンドショット ちゃんねる」で放送中の番組のパーソナリティ - Statistics

General Stats
  • This quiz has been taken 6 times
    5 since last reset
  • The average score is 20 of 34
Answer Stats
Hint Answer % Correct
【???】と【???】の2年A組青春アクティ部! 愛美
100%
【???】のキラキラ大作戦! 伊藤美来
100%
【???】のキラキラ大作戦! 豊田萌絵
100%
【???】・【???】のあぐのんる〜むらぼ♪ 大西亜玖璃
100%
【???】・【???】 ややとみの 山根綺
100%
【???】・【???】 ややとみの 富田美憂
100%
【???】と【???】の2年A組青春アクティ部! 山崎はるか
75%
すごいよ☆【???】ちゃん! 高橋花林
75%
まぁたんゆりりん 駒形友梨
75%
さっさとはおー 篠原侑
75%
さっさとはおー 稲垣好
75%
いずみふアンちゃんの元気が出る生放送! 和泉風花
75%
いずみふアンちゃんの元気が出る生放送! 八巻アンナ
75%
まぁたんゆりりん Machico
75%
【???】のココロ☆ハルカス 戸松遥
50%
【???】のラフラフ 寿美菜子
50%
【???】のTRYangle harmony 麻倉もも
50%
【???】のTRYangle harmony 雨宮天
50%
【???】のTRYangle harmony 夏川椎菜
50%
【???】のRe:Re:Re:Re:Re:カーニバル 橘美來
50%
【???】のRe:Re:Re:Re:Re:カーニバル 夏目ここな
50%
【???】のRe:Re:Re:Re:Re:カーニバル 日向もか
50%
【???】@レボ☆リューション 〜こんな声優ファン☆タスティック with 【???】〜 ゴー☆ジャス
50%
【???】@レボ☆リューション 〜こんな声優ファン☆タスティック with 【???】〜 日向もか
50%
はなまきこもちぃ 花谷麻妃
50%
はなまきこもちぃ 小森結梨
50%
【???】のしーちゃんねる 井澤詩織
25%
【???】・【???】のあぐのんる〜むらぼ♪ 高尾奏音
25%
【???】のRe:Re:Re:Re:Re:カーニバル 相川奏多
25%
【???】と【???】の夏もさくらを咲かせたい 春日さくら
25%
【???】と【???】の夏もさくらを咲かせたい 乾夏寧
25%
【???】・【???】 YOUR LOVE 亜咲花
25%
【???】・【???】 YOUR LOVE 塚田悠衣
25%
【???】のRe:Re:Re:Re:Re:カーニバル 宮沢小春
0%
No matching quizzes found
Score Distribution
Percent of People with Each Score
Percentile by Number Answered
Your Score History
You have not taken this quiz since the last reset